Missing 'D' Acronyms Quiz Stats

Quiz Updated Jul 8, 2013

Challenge
Share
Tweet
Embed
Score 0/32 Timer 04:00
1 Play Today
% Correct
Do
95.3%
Don't
95.2%
Drunk
94.9%
Drive
94.9%
Dragons
94.9%
Disorder
94.2%
Daylight
93.5%
Date
92.3%
Different
91.3%
Dairy
91.2%
Delano
89.8%
Disturb
89.4%
Dead
89.4%
Diamonds
88.9%
Deficit
87%
Deoxyribo
86%
% Correct
Deficiency
86%
Domestic
84.9%
Definition
82.6%
Domini
78%
Donna
76.8%
Denki
75.6%
Disease
71.7%
Detection
70.8%
Dalsey
61.4%
Diode
56.8%
Demonstrandum
55.5%
Document
54.9%
Display
52.5%
Digital
51.3%
Development
45.3%
Devices
40.4%

You're not logged in!

Compare scores with friends on all Sporcle quizzes.
Sign Up with Email
OR
Log In

You Might Also Like...

Show Comments

Extras

Top Quizzes Today


Score Distribution

Your Account Isn't Verified!

In order to create a playlist on Sporcle, you need to verify the email address you used during registration. Go to your Sporcle Settings to finish the process.